00368nam a2200145Ia 4500008004100000020001800041041000800059082001100067100002100078245004100099260004300140300000900183650001700192700001300209220803s9999 xx 000 0 und d a9788172290757 aeng a891.46 aPatwardhan S Tr. aSattyache Prayog Athava Aatmyakatha. aAhamadabadbNavjeevan Prakashan c2015 a488p aArchitecture aGandhi M